000 00685cam a22002293a 4500
001 18325
003 PGUSA
005 20140828083405.0
008 060506s2006||||xxu|||||s|||||000 | eng d
040 _aPGUSA
_beng
042 _adc
050 4 _aD501
100 1 _aEddy, Sherwood,
_d1871-1963
245 1 0 _aWith Our Soldiers in France
_h[electronic resource] /
_cSherwood Eddy
260 _bProject Gutenberg,
_c2006
506 _aPublic domain in the USA.
516 _aElectronic text
653 _aWorld War, 1914-1918 -- War work -- Young Men's Christian Associations
830 0 _aProject Gutenberg
_v18325
856 4 0 _uhttp://www.gutenberg.org/ebooks/18325
942 _cEB
999 _c247580
_d247580